[Event "Dutch Open-ch 2019"]
[Site "Dieren"]
[Date "2019.07.31"]
[Round "8.14"]
[White "Baselmans, Sam"]
[Black "Evengroen, Henk-Jan"]
[Result "0-1"]
[WhiteElo "2064"]
[BlackElo "2176"]
[Annotator "NA"]
[PlyCount "94"]
[EventDate "2019.07.23"]
[EventType "swiss"]
[EventCountry "NED"]
[SourceTitle "playchess.com"]
[Source "ChessBase"]
[SourceQuality "1"]
[TimeControl "40/5400+30:1800+30"]

1. e4 {[%emt 0:00:00]} e5 {[%emt 0:00:00]} 2. Nf3 {[%emt 0:00:00]} Nc6 {[%emt 0:00:00]} 3. Bc4 {[%emt 0:00:00]} Nf6 {[%emt 0:00:00]} 4. d3 {[%emt 0:00:00]} Bc5 {[%emt 0:00:00]} 5. O-O {[%emt 0:00:18]} a6 {[%emt 0:01:27]} 6. c3 {[%emt 0:00:11]} d6 {[%emt 0:03:22]} 7. Bb3 {[%emt 0:02:56]} O-O {[%emt 0:01:17]} 8. h3 {[%emt 0:00:25]} d5 {[%emt 0:07:27]} 9. exd5 {[%emt 0:04:46]} Nxd5 {[%emt 0:01:09]} 10. Re1 {[%emt 0:13:08]} Be6 {[%emt 0:02:14]} 11. d4 {[%emt 0:08:31]} exd4 {[%emt 0:01:02]} 12. cxd4 {[%emt 0:00:05]} Bb4 {[%emt 0:08:47]} 13. Bd2 {[%emt 0:01:25]} Bxd2 {[%emt 0:01:11]} 14. Qxd2 {[%emt 0:00:13]} Qf6 {[%emt 0:01:34]} 15. Bxd5 {[%emt 0:21:08]} Bxd5 {[%emt 0:00:23]} 16. Ne5 {[%emt 0:00:43]} Rad8 {[%emt 0:09:37]} 17. Nc3 {[%emt 0:02:01]} Bxg2 {[%emt 0:02:07]} 18. Qe3 {[%emt 0:16:29]} Nxe5 {[%emt 0:04:01]} 19. dxe5 {[%emt 0:02:13]} Qg6 {[%emt 0:00:28]} 20. Kh2 {[%emt 0:00:11]} Rd3 {[%emt 0:00:46]} 21. Qxd3 {[%emt 0:00:07]} Qxd3 {[%emt 0:00:05]} 22. Kxg2 {[%emt 0:00:04]} Re8 {[%emt 0:01:51]} 23. Re3 {[%emt 0:07:22]} Qg6+ {[%emt 0:01:36]} 24. Kf1 {[%emt 0:00:31]} Qc2 {[%emt 0:01:58]} 25. b3 {[%emt 0:01:27]} Rd8 {[%emt 0:01:26]} 26. Ne4 {[%emt 0:02:55]} h6 {[%emt 0:04:51]} 27. Rae1 {[%emt 0:02:13]} Qxa2 {[%emt 0:01:43]} 28. Kg2 {[%emt 0:00:32]} Qb2 {[%emt 0:02:22]} 29. Ng3 {[%emt 0:00:46]} Rd2 {[%emt 0:03:08]} 30. Rf3 {[%emt 0:00:46]} Rd5 {[%emt 0:00:36]} 31. Re2 {[%emt 0:00:54]} Qa1 {[%emt 0:01:42]} 32. Rfe3 {[%emt 0:00:37]} Qb1 {[%emt 0:02:42]} 33. f4 {[%emt 0:02:50]} g6 {[%emt 0:05:26]} 34. e6 {[%emt 0:00:53]} fxe6 {[%emt 0:00:05]} 35. Rxe6 {[%emt 0:00:07]} Rd7 {[%emt 0:00:34]} 36. f5 {[%emt 0:02:10]} gxf5 {[%emt 0:00:52]} 37. Nh5 {[%emt 0:00:18]} Rd6 {[%emt 0:07:24]} 38. Re8+ {[%emt 0:02:59]} Kf7 {[%emt 0:00:06]} 39. R8e7+ {[%emt 0:00:42]} Kg6 {[%emt 0:00:46]} 40. Nf4+ {[%emt 0:00:21]} Kg5 {[%emt 0:00:30]} 41. Kg3 {[%emt 0:30:16]} Qxb3+ {[%emt 0:35:24]} 42. R2e3 {[%emt 0:00:25]} Qd1 {[%emt 0:00:55]} 43. h4+ {[%emt 0:06:11]} Kf6 {[%emt 0:00:08]} 44. Re2 {[%emt 0:00:06]} Qg1+ {[%emt 0:00:37]} 45. Ng2 {[%emt 0:00:00]} Rd3+ {[%emt 0:00:00]} 46. R2e3 {[%emt 0:00:00]} Rxe3+ {[%emt 0:00:00]} 47. Rxe3 {[%emt 0:00:00]} f4+ {[%emt 0:00:00]} 0-1

[Event "Dutch Open-ch 2019"]
[Site "Dieren"]
[Date "2019.07.31"]
[Round "8.15"]
[White "Ojas Kulkarni"]
[Black "Vogel, Jaap"]
[Result "1-0"]
[WhiteElo "2251"]
[BlackElo "2126"]
[Annotator "NA"]
[PlyCount "45"]
[EventDate "2019.07.23"]
[EventType "swiss"]
[EventCountry "NED"]
[SourceTitle "playchess.com"]
[Source "ChessBase"]
[SourceQuality "1"]
[TimeControl "40/5400+30:1800+30"]

1. c4 {[%emt 0:01:29]} e6 {[%emt 0:00:00]} 2. Nf3 {[%emt 0:00:11]} f5 {[%emt 0:00:06]} 3. g3 {[%emt 0:00:05]} Nf6 {[%emt 0:00:09]} 4. Bg2 {[%emt 0:00:05]} c6 {[%emt 0:00:14]} 5. O-O {[%emt 0:00:08]} d5 {[%emt 0:00:04]} 6. b3 {[%emt 0:00:02]} Bd6 {[%emt 0:00:40]} 7. Bb2 {[%emt 0:00:11]} O-O {[%emt 0:00:15]} 8. d3 {[%emt 0:00:04]} Nbd7 {[%emt 0:00:44]} 9. Nbd2 {[%emt 0:00:04]} f4 {[%emt 0:03:12]} 10. d4 {[%emt 0:15:38]} Ng4 {[%emt 0:13:49]} 11. h3 {[%emt 0:04:59]} Ngf6 {[%emt 0:02:20]} 12. g4 {[%emt 0:00:07]} Ne4 {[%emt 0:14:10]} 13. Nxe4 {[%emt 0:07:33]} dxe4 {[%emt 0:00:08]} 14. Nd2 {[%emt 0:00:03]} e3 {[%emt 0:09:12]} 15. Ne4 {[%emt 0:01:10]} exf2+ {[%emt 0:13:31]} 16. Rxf2 {[%emt 0:00:32]} Be7 {[%emt 0:00:29]} 17. Qd2 {[%emt 0:02:23]} g5 {[%emt 0:06:20]} 18. e3 {[%emt 0:01:47]} fxe3 {[%emt 0:15:16]} 19. Qxe3 {[%emt 0:00:21]} Rxf2 {[%emt 0:00:49]} 20. Qxf2 {[%emt 0:00:02]} Qf8 {[%emt 0:05:02]} 21. Qe2 {[%emt 0:00:10]} Qh6 {[%emt 0:08:59]} 22. Rf1 {[%emt 0:00:44]} Qg6 {[%emt 0:01:09]} 23. Kh1 {[%emt 0:03:18]} 1-0

[Event "Dutch Open-ch 2019"]
[Site "Dieren"]
[Date "2019.07.31"]
[Round "8.16"]
[White "Wedda, Dries"]
[Black "De Boer, Bas"]
[Result "1/2-1/2"]
[WhiteElo "2234"]
[BlackElo "2117"]
[Annotator "NA"]
[PlyCount "30"]
[EventDate "2019.07.23"]
[EventType "swiss"]
[EventCountry "NED"]
[SourceTitle "playchess.com"]
[Source "ChessBase"]
[SourceQuality "1"]
[TimeControl "40/5400+30:1800+30"]

1. d4 {[%emt 0:00:00]} d5 {[%emt 0:00:00]} 2. c4 {[%emt 0:00:00]} c6 {[%emt 0:00:00]} 3. Nf3 {[%emt 0:00:00]} Nf6 {[%emt 0:00:00]} 4. g3 {[%emt 0:00:00]} Bg4 {[%emt 0:00:23]} 5. Ne5 {[%emt 0:00:00]} Bf5 {[%emt 0:00:04]} 6. cxd5 {[%emt 0:00:03]} cxd5 {[%emt 0:01:02]} 7. Nc3 {[%emt 0:03:52]} e6 {[%emt 0:03:39]} 8. e4 {[%emt 0:28:34]} Bxe4 {[%emt 0:08:39]} 9. Bb5+ {[%emt 0:16:57]} Nfd7 {[%emt 0:00:39]} 10. Nxe4 {[%emt 0:07:07]} dxe4 {[%emt 0:00:08]} 11. Qa4 {[%emt 0:00:18]} a6 {[%emt 0:06:29]} 12. Bf4 {[%emt 0:22:55]} f6 {[%emt 0:07:10]} 13. Ng4 {[%emt 0:00:43]} Qb6 {[%emt 0:03:32]} 14. Bc4 {[%emt 0:01:42]} Qb4+ {[%emt 0:06:12]} 15. Qxb4 {[%emt 0:00:15]} Bxb4+ {[%emt 0:00:06]} 1/2-1/2

[Event "Dutch Open-ch 2019"]
[Site "Dieren"]
[Date "2019.07.31"]
[Round "8.17"]
[White "Elgersma, Onno"]
[Black "Van Helvoort, Rob"]
[Result "1-0"]
[WhiteElo "2232"]
[BlackElo "2104"]
[Annotator "NA"]
[PlyCount "159"]
[EventDate "2019.07.23"]
[EventType "swiss"]
[EventCountry "NED"]
[SourceTitle "playchess.com"]
[Source "ChessBase"]
[SourceQuality "1"]
[TimeControl "40/5400+30:1800+30"]

1. e4 {[%emt 0:00:00]} g6 {[%emt 0:00:00]} 2. d4 {[%emt 0:00:00]} Bg7 {[%emt 0:00:00]} 3. Nf3 {[%emt 0:00:00]} d6 {[%emt 0:00:00]} 4. Bc4 {[%emt 0:00:15]} e6 {[%emt 0:00:00]} 5. O-O {[%emt 0:02:00]} a6 {[%emt 0:02:01]} 6. a4 {[%emt 0:04:15]} b6 {[%emt 0:00:13]} 7. Re1 {[%emt 0:01:12]} Ne7 {[%emt 0:03:42]} 8. c3 {[%emt 0:04:30]} h6 {[%emt 0:01:38]} 9. Nbd2 {[%emt 0:01:24]} Nd7 {[%emt 0:04:16]} 10. Nf1 {[%emt 0:04:34]} Bb7 {[%emt 0:00:41]} 11. Ng3 {[%emt 0:03:30]} d5 {[%emt 0:06:27]} 12. exd5 {[%emt 0:12:23]} Nxd5 {[%emt 0:00:19]} 13. Bd2 {[%emt 0:05:26]} N7f6 {[%emt 0:09:47]} 14. Ne5 {[%emt 0:08:25]} c5 {[%emt 0:06:35]} 15. dxc5 {[%emt 0:05:36]} bxc5 {[%emt 0:00:03]} 16. Qe2 {[%emt 0:00:31]} Qe7 {[%emt 0:05:25]} 17. a5 {[%emt 0:01:58]} Nd7 {[%emt 0:03:22]} 18. Nxd7 {[%emt 0:03:15]} Qxd7 {[%emt 0:00:01]} 19. Ne4 {[%emt 0:02:42]} Qc7 {[%emt 0:03:11]} 20. Qf3 {[%emt 0:09:46]} Qe7 {[%emt 0:02:04]} 21. Qg3 {[%emt 0:02:33]} Rd8 {[%emt 0:00:52]} 22. Rad1 {[%emt 0:03:59]} O-O {[%emt 0:04:42]} 23. Be3 {[%emt 0:05:03]} Nxe3 {[%emt 0:04:15]} 24. Qxe3 {[%emt 0:00:08]} Bxe4 {[%emt 0:07:53]} 25. Qxe4 {[%emt 0:00:02]} Qc7 {[%emt 0:01:00]} 26. Ra1 {[%emt 0:04:55]} Rd2 {[%emt 0:06:36]} 27. Re2 {[%emt 0:01:11]} Rd6 {[%emt 0:02:11]} 28. h4 {[%emt 0:01:58]} h5 {[%emt 0:00:31]} 29. g3 {[%emt 0:00:31]} Rfd8 {[%emt 0:00:54]} 30. Kg2 {[%emt 0:01:11]} Kh7 {[%emt 0:09:12]} 31. Qf3 {[%emt 0:01:48]} Kg8 {[%emt 0:01:47]} 32. Rc2 {[%emt 0:01:21]} Kh7 {[%emt 0:03:28]} 33. Re2 {[%emt 0:03:33]} Kg8 {[%emt 0:00:33]} 34. Ra2 {[%emt 0:00:43]} Kh7 {[%emt 0:01:23]} 35. b3 {[%emt 0:00:46]} Kg8 {[%emt 0:02:26]} 36. Rec2 {[%emt 0:00:24]} Kh7 {[%emt 0:03:43]} 37. Qe2 {[%emt 0:01:06]} Qb7+ {[%emt 0:01:00]} 38. Qf3 {[%emt 0:00:09]} Qc7 {[%emt 0:00:52]} 39. Be2 {[%emt 0:01:29]} Qb8 {[%emt 0:01:43]} 40. Qxf7 {[%emt 0:03:22]} R8d7 {[%emt 0:00:17]} 41. Qf3 {[%emt 0:07:14]} Qxb3 {[%emt 0:00:21]} 42. Qe3 {[%emt 0:03:03]} Qd5+ {[%emt 0:12:52]} 43. Bf3 {[%emt 0:01:06]} Bh6 {[%emt 0:02:27]} 44. Qe2 {[%emt 0:03:42]} Qd3 {[%emt 0:01:47]} 45. Ra4 {[%emt 0:02:12]} Qxe2 {[%emt 0:05:24]} 46. Rxe2 {[%emt 0:00:34]} Bg7 {[%emt 0:00:57]} 47. Rc4 {[%emt 0:02:44]} Rc7 {[%emt 0:02:09]} 48. Be4 {[%emt 0:04:59]} Bf6 {[%emt 0:00:42]} 49. Rb2 {[%emt 0:01:02]} Kg7 {[%emt 0:02:07]} 50. Rb7 {[%emt 0:04:37]} Rxb7 {[%emt 0:04:28]} 51. Bxb7 {[%emt 0:00:05]} Be7 {[%emt 0:00:09]} 52. Rxc5 {[%emt 0:03:23]} Rd7 {[%emt 0:00:11]} 53. Bc8 {[%emt 0:00:22]} Bxc5 {[%emt 0:00:41]} 54. Bxd7 {[%emt 0:00:05]} Bd6 {[%emt 0:00:14]} 55. Bxe6 {[%emt 0:00:19]} Bc7 {[%emt 0:00:05]} 56. Bc8 {[%emt 0:00:10]} Bxa5 {[%emt 0:00:17]} 57. c4 {[%emt 0:00:04]} Bb6 {[%emt 0:00:06]} 58. Bxa6 {[%emt 0:00:05]} Kf6 59. Bb7 {[%emt 0:01:14]} g5 {[%emt 0:01:26]} 60. hxg5+ {[%emt 0:00:43]} Kxg5 {[%emt 0:00:01]} 61. f4+ {[%emt 0:00:11]} Kg6 {[%emt 0:02:14]} 62. Kf3 {[%emt 0:00:09]} Kf6 {[%emt 0:01:09]} 63. Bc6 {[%emt 0:00:40]} Ke7 {[%emt 0:00:18]} 64. g4 {[%emt 0:01:57]} hxg4+ {[%emt 0:00:09]} 65. Kxg4 {[%emt 0:00:02]} Kf6 {[%emt 0:01:50]} 66. Bb7 {[%emt 0:00:15]} Bc5 {[%emt 0:00:44]} 67. Bc8 {[%emt 0:00:18]} Bd6 {[%emt 0:00:11]} 68. Kf3 {[%emt 0:00:07]} Ke7 {[%emt 0:02:22]} 69. Ke4 {[%emt 0:00:09]} Kd8 {[%emt 0:00:19]} 70. Bh3 {[%emt 0:00:05]} Ke7 {[%emt 0:01:20]} 71. f5 {[%emt 0:00:33]} Bb4 {[%emt 0:02:02]} 72. Kd5 {[%emt 0:00:08]} Bc3 {[%emt 0:00:22]} 73. Kc6 {[%emt 0:00:16]} Bd4 {[%emt 0:00:18]} 74. c5 {[%emt 0:00:40]} Be5 {[%emt 0:00:13]} 75. Kb7 {[%emt 0:00:10]} Kd8 {[%emt 0:01:09]} 76. c6 {[%emt 0:00:08]} Bd6 {[%emt 0:00:31]} 77. f6 {[%emt 0:00:12]} Ke8 {[%emt 0:00:42]} 78. Be6 {[%emt 0:00:22]} Kd8 {[%emt 0:00:23]} 79. f7 {[%emt 0:00:23]} Ke7 {[%emt 0:00:36]} 80. Bd5 {[%emt 0:07:38]} 1-0

[Event "Dutch Open-ch 2019"]
[Site "Dieren"]
[Date "2019.07.31"]
[Round "8.18"]
[White "Konings, Frans"]
[Black "Goswami, Vedant"]
[Result "1-0"]
[WhiteElo "2208"]
[BlackElo "2046"]
[Annotator "NA"]
[PlyCount "63"]
[EventDate "2019.07.23"]
[EventType "swiss"]
[EventCountry "NED"]
[SourceTitle "playchess.com"]
[Source "ChessBase"]
[SourceQuality "1"]
[TimeControl "40/5400+30:1800+30"]

1. e4 {[%emt 0:01:27]} e5 {[%emt 0:00:00]} 2. Nf3 {[%emt 0:00:06]} Nc6 {[%emt 0:00:00]} 3. Bc4 {[%emt 0:00:10]} Nf6 {[%emt 0:00:16]} 4. d4 {[%emt 0:00:51]} exd4 {[%emt 0:00:45]} 5. e5 {[%emt 0:00:05]} d5 {[%emt 0:00:50]} 6. Bb5 {[%emt 0:00:06]} Ne4 {[%emt 0:00:06]} 7. Nxd4 {[%emt 0:00:08]} Bd7 {[%emt 0:00:52]} 8. Bxc6 {[%emt 0:00:20]} bxc6 {[%emt 0:00:18]} 9. O-O {[%emt 0:00:18]} Bc5 {[%emt 0:00:33]} 10. f3 {[%emt 0:00:23]} Ng5 {[%emt 0:01:04]} 11. f4 {[%emt 0:00:06]} Ne4 {[%emt 0:04:56]} 12. Nc3 {[%emt 0:00:17]} Nxc3 {[%emt 0:09:34]} 13. bxc3 {[%emt 0:01:00]} Bf5 {[%emt 0:08:25]} 14. Kh1 {[%emt 0:02:34]} Bxd4 {[%emt 0:05:05]} 15. cxd4 {[%emt 0:00:06]} Qd7 {[%emt 0:06:13]} 16. Ba3 {[%emt 0:00:32]} Qe6 {[%emt 0:05:03]} 17. Rb1 {[%emt 0:05:20]} Kd7 {[%emt 0:01:40]} 18. Rb7 {[%emt 0:02:24]} Rhb8 {[%emt 0:00:42]} 19. Qb1 {[%emt 0:02:02]} Kc8 {[%emt 0:00:35]} 20. Qb4 {[%emt 0:00:14]} Qe8 {[%emt 0:08:55]} 21. Rb1 {[%emt 0:10:20]} Rxb7 {[%emt 0:00:21]} 22. Qxb7+ {[%emt 0:00:05]} Kd7 {[%emt 0:00:06]} 23. Rb2 {[%emt 0:05:46]} a5 {[%emt 0:03:41]} 24. Rb6 {[%emt 0:01:33]} Qe6 {[%emt 0:03:59]} 25. Bd6 {[%emt 0:05:03]} Rc8 {[%emt 0:00:47]} 26. Rxc6 {[%emt 0:00:07]} Ke8 {[%emt 0:00:50]} 27. Rxc7 {[%emt 0:03:52]} Rxc7 {[%emt 0:00:44]} 28. Qxc7 {[%emt 0:00:05]} Qd7 {[%emt 0:02:19]} 29. Qxa5 {[%emt 0:01:51]} Qc6 {[%emt 0:01:49]} 30. Qa7 {[%emt 0:02:59]} Bd7 {[%emt 0:01:32]} 31. Bc5 {[%emt 0:00:27]} f6 {[%emt 0:02:13]} 32. f5 {[%emt 0:00:34]} 1-0

[Event "Dutch Open-ch 2019"]
[Site "Dieren"]
[Date "2019.07.31"]
[Round "8.19"]
[White "t Jong, Ewoud"]
[Black "Nair, Sanjeev"]
[Result "1/2-1/2"]
[WhiteElo "2159"]
[BlackElo "2045"]
[Annotator "NA"]
[PlyCount "121"]
[EventDate "2019.07.23"]
[EventType "swiss"]
[EventCountry "NED"]
[SourceTitle "playchess.com"]
[Source "ChessBase"]
[SourceQuality "1"]
[TimeControl "40/5400+30:1800+30"]

1. e4 {[%emt 0:00:00]} c5 {[%emt 0:00:00]} 2. c3 {[%emt 0:00:00]} d5 {[%emt 0:00:20]} 3. exd5 {[%emt 0:00:06]} Qxd5 {[%emt 0:00:00]} 4. d4 {[%emt 0:00:00]} Nc6 {[%emt 0:00:00]} 5. Nf3 {[%emt 0:00:02]} Bf5 {[%emt 0:00:02]} 6. Be3 {[%emt 0:04:40]} e6 {[%emt 0:05:19]} 7. Na3 {[%emt 0:02:00]} Nf6 {[%emt 0:01:05]} 8. Nb5 {[%emt 0:02:02]} O-O-O {[%emt 0:02:11]} 9. c4 {[%emt 0:21:24]} Qd7 {[%emt 0:08:06]} 10. dxc5 {[%emt 0:10:44]} Qxd1+ {[%emt 0:03:40]} 11. Rxd1 {[%emt 0:01:28]} Rxd1+ {[%emt 0:00:16]} 12. Kxd1 {[%emt 0:00:08]} Ne4 {[%emt 0:00:47]} 13. Nh4 {[%emt 0:16:06]} Bxc5 {[%emt 0:19:56]} 14. Nxf5 {[%emt 0:02:13]} exf5 {[%emt 0:03:16]} 15. Bxc5 {[%emt 0:17:12]} Rd8+ {[%emt 0:02:17]} 16. Nd6+ {[%emt 0:01:02]} Nxd6 {[%emt 0:00:06]} 17. Bxd6 {[%emt 0:00:13]} Rxd6+ {[%emt 0:00:04]} 18. Kc1 {[%emt 0:01:17]} Ne5 {[%emt 0:05:07]} 19. Be2 {[%emt 0:04:29]} f4 {[%emt 0:16:28]} 20. Rd1 {[%emt 0:03:22]} Rh6 {[%emt 0:00:34]} 21. h3 {[%emt 0:00:59]} f3 {[%emt 0:10:02]} 22. gxf3 {[%emt 0:01:48]} Rf6 {[%emt 0:00:27]} 23. Rd5 {[%emt 0:03:36]} Nxf3 {[%emt 0:01:54]} 24. Rd3 {[%emt 0:00:20]} Ne5 {[%emt 0:01:55]} 25. Re3 {[%emt 0:00:20]} Nc6 {[%emt 0:01:09]} 26. Bg4+ {[%emt 0:02:25]} Kc7 {[%emt 0:04:52]} 27. Rf3 {[%emt 0:00:27]} Rxf3 {[%emt 0:02:50]} 28. Bxf3 {[%emt 0:00:01]} Ne5 {[%emt 0:01:54]} 29. Be4 {[%emt 0:04:45]} g6 {[%emt 0:06:58]} 30. b3 {[%emt 0:00:05]} f5 {[%emt 0:00:06]} 31. Bg2 {[%emt 0:00:47]} Nd3+ {[%emt 0:01:01]} 32. Kd2 {[%emt 0:00:06]} Nf4 {[%emt 0:00:09]} 33. Bf1 {[%emt 0:00:09]} Kd6 {[%emt 0:00:16]} 34. Ke3 {[%emt 0:00:22]} Ke5 {[%emt 0:00:29]} 35. h4 {[%emt 0:00:55]} h5 {[%emt 0:00:47]} 36. a3 {[%emt 0:01:14]} Ne6 {[%emt 0:00:42]} 37. Bg2 {[%emt 0:00:56]} f4+ {[%emt 0:01:14]} 38. Kd3 {[%emt 0:00:20]} Nc5+ {[%emt 0:01:33]} 39. Kc3 {[%emt 0:00:11]} Ne4+ {[%emt 0:00:55]} 40. Bxe4 {[%emt 0:01:13]} Kxe4 {[%emt 0:00:05]} 41. c5 {[%emt 0:06:06]} g5 {[%emt 0:09:34]} 42. hxg5 {[%emt 0:00:08]} Kf5 {[%emt 0:03:07]} 43. Kd3 {[%emt 0:10:32]} Kxg5 {[%emt 0:06:58]} 44. Ke2 {[%emt 0:01:02]} a5 {[%emt 0:08:24]} 45. b4 {[%emt 0:03:59]} axb4 {[%emt 0:01:08]} 46. axb4 {[%emt 0:00:08]} Kf5 {[%emt 0:00:51]} 47. b5 {[%emt 0:01:52]} Ke5 {[%emt 0:01:06]} 48. Kf3 {[%emt 0:04:37]} Kd5 {[%emt 0:00:43]} 49. Kxf4 {[%emt 0:01:56]} Kxc5 {[%emt 0:00:22]} 50. Kg5 {[%emt 0:00:06]} h4 {[%emt 0:03:06]} 51. Kxh4 {[%emt 0:00:17]} Kxb5 {[%emt 0:00:04]} 52. f4 {[%emt 0:02:48]} Kc6 {[%emt 0:00:03]} 53. f5 {[%emt 0:01:42]} b5 {[%emt 0:00:30]} 54. f6 {[%emt 0:01:21]} Kd7 {[%emt 0:00:32]} 55. Kg5 {[%emt 0:00:30]} Ke8 {[%emt 0:01:32]} 56. Kg6 {[%emt 0:00:42]} Kf8 {[%emt 0:00:09]} 57. Kf5 {[%emt 0:00:05]} b4 {[%emt 0:00:11]} 58. Ke4 {[%emt 0:00:06]} b3 {[%emt 0:00:06]} 59. Kd3 {[%emt 0:00:05]} Kf7 {[%emt 0:00:05]} 60. Kc3 {[%emt 0:00:07]} Kxf6 {[%emt 0:00:04]} 61. Kxb3 {[%emt 0:00:06]} 1/2-1/2

[Event "Dutch Open-ch 2019"]
[Site "Dieren"]
[Date "2019.07.31"]
[Round "8.20"]
[White "De Jonge, Boris"]
[Black "Grooten, Herman"]
[Result "1-0"]
[WhiteElo "2059"]
[BlackElo "2310"]
[Annotator "NA"]
[PlyCount "103"]
[EventDate "2019.07.23"]
[EventType "swiss"]
[EventCountry "NED"]
[SourceTitle "playchess.com"]
[Source "ChessBase"]
[SourceQuality "1"]
[TimeControl "40/5400+30:1800+30"]

1. e4 {[%emt 0:00:00]} c5 {[%emt 0:00:00]} 2. Nf3 {[%emt 0:00:00]} e6 {[%emt 0:00:00]} 3. d4 {[%emt 0:00:16]} cxd4 {[%emt 0:00:00]} 4. Nxd4 {[%emt 0:00:08]} Nc6 {[%emt 0:00:16]} 5. c4 {[%emt 0:00:36]} Nf6 {[%emt 0:01:42]} 6. Nc3 {[%emt 0:00:13]} Bb4 {[%emt 0:09:08]} 7. Nxc6 {[%emt 0:01:23]} dxc6 {[%emt 0:00:56]} 8. Qxd8+ {[%emt 0:00:56]} Kxd8 {[%emt 0:00:05]} 9. e5 {[%emt 0:03:32]} Ng4 {[%emt 0:03:51]} 10. f4 {[%emt 0:03:50]} Bxc3+ {[%emt 0:01:25]} 11. bxc3 {[%emt 0:00:14]} c5 {[%emt 0:00:42]} 12. Be2 {[%emt 0:03:33]} Nh6 {[%emt 0:01:57]} 13. a4 {[%emt 0:04:51]} a5 {[%emt 0:01:25]} 14. Be3 {[%emt 0:11:27]} b6 {[%emt 0:02:02]} 15. O-O-O+ {[%emt 0:05:16]} Kc7 {[%emt 0:00:33]} 16. Bf3 {[%emt 0:01:04]} Rb8 {[%emt 0:01:43]} 17. Kc2 {[%emt 0:03:19]} Bd7 {[%emt 0:07:26]} 18. Kb3 {[%emt 0:01:07]} Rhd8 {[%emt 0:01:07]} 19. Bf2 {[%emt 0:03:05]} Bc6 {[%emt 0:01:12]} 20. Bxc6 {[%emt 0:00:58]} Kxc6 {[%emt 0:00:11]} 21. h3 {[%emt 0:02:58]} Kc7 {[%emt 0:04:19]} 22. Kc2 {[%emt 0:03:06]} Rxd1 {[%emt 0:04:19]} 23. Rxd1 {[%emt 0:00:13]} Rd8 {[%emt 0:02:32]} 24. Rxd8 {[%emt 0:00:54]} Kxd8 {[%emt 0:00:05]} 25. Kd3 {[%emt 0:03:55]} f6 {[%emt 0:00:44]} 26. Ke4 {[%emt 0:01:41]} Ke7 {[%emt 0:03:30]} 27. g4 {[%emt 0:05:39]} Nf7 {[%emt 0:04:12]} 28. Be3 {[%emt 0:10:02]} h6 {[%emt 0:06:50]} 29. h4 {[%emt 0:07:17]} g6 {[%emt 0:05:34]} 30. h5 {[%emt 0:03:01]} g5 {[%emt 0:02:37]} 31. fxg5 {[%emt 0:01:34]} hxg5 {[%emt 0:01:05]} 32. exf6+ {[%emt 0:00:55]} Kxf6 {[%emt 0:00:07]} 33. Bd2 {[%emt 0:03:12]} Nd6+ {[%emt 0:01:04]} 34. Kd3 {[%emt 0:00:28]} e5 {[%emt 0:00:38]} 35. Bc1 {[%emt 0:01:10]} e4+ {[%emt 0:00:50]} 36. Ke3 {[%emt 0:02:07]} Ke5 {[%emt 0:00:25]} 37. Ke2 {[%emt 0:00:16]} Nf7 {[%emt 0:01:40]} 38. Bd2 {[%emt 0:00:42]} Kf6 {[%emt 0:02:43]} 39. Ke3 {[%emt 0:01:35]} Nd6 {[%emt 0:02:34]} 40. Bc1 {[%emt 0:00:09]} Kg7 {[%emt 0:06:44]} 41. Ke2 {[%emt 0:32:58]} Nxc4 {[%emt 0:32:30]} 42. Bxg5 {[%emt 0:01:26]} Nb2 {[%emt 0:00:17]} 43. Ke3 {[%emt 0:01:09]} Nxa4 {[%emt 0:00:40]} 44. Kxe4 {[%emt 0:00:27]} Nxc3+ {[%emt 0:01:10]} 45. Kf5 {[%emt 0:00:20]} Nb5 {[%emt 0:03:33]} 46. Bf6+ {[%emt 0:01:15]} Kh6 {[%emt 0:01:20]} 47. Be5 {[%emt 0:03:45]} a4 {[%emt 0:03:05]} 48. g5+ {[%emt 0:00:00]} Kxh5 {[%emt 0:00:00]} 49. g6 {[%emt 0:00:00]} Kh6 {[%emt 0:00:00]} 50. Kf6 {[%emt 0:00:00]} Na7 {[%emt 0:00:00]} 51. Bf4+ {[%emt 0:00:00]} Kh5 {[%emt 0:00:00]} 52. g7 {[%emt 0:00:00]} 1-0

[Event "Dutch Open-ch 2019"]
[Site "Dieren"]
[Date "2019.08.01"]
[Round "9.1"]
[White "Pruijssers, Roeland"]
[Black "Schoppen, Casper"]
[Result "1/2-1/2"]
[WhiteElo "2534"]
[BlackElo "2493"]
[Annotator "ChessBase"]
[PlyCount "103"]
[EventDate "2019.07.23"]
[EventType "swiss"]
[EventCountry "NED"]
[SourceTitle "playchess.com"]
[Source "ChessBase"]
[SourceQuality "1"]
[TimeControl "40/5400+30:1800+30"]

1. e4 {[%emt 0:00:00]} e5 {[%emt 0:00:00]} 2. Nf3 {[%emt 0:00:00]} Nc6 {[%emt 0:00:00]} 3. Bc4 {[%emt 0:00:00]} Nf6 {[%emt 0:00:00]} 4. d3 {[%emt 0:00:00]} Bc5 {[%emt 0:00:18]} 5. O-O {[%emt 0:00:11]} d6 {[%emt 0:01:37]} 6. c3 {[%emt 0:00:18]} a6 {[%emt 0:00:47]} 7. a4 {[%emt 0:00:38]} Ba7 {[%emt 0:00:44]} 8. Nbd2 {[%emt 0:01:43]} O-O {[%emt 0:00:46]} 9. h3 {[%emt 0:02:29]} Be6 {[%emt 0:02:39]} 10. Re1 {[%emt 0:03:24]} Qd7 {[%emt 0:08:58]} 11. Bxe6 {[%emt 0:13:22]} fxe6 {[%emt 0:03:13]} 12. Nc4 {[%emt 0:00:07]} Nh5 {[%emt 0:06:23]} 13. d4 {[%emt 0:05:08]} exd4 {[%emt 0:01:17]} 14. cxd4 {[%emt 0:00:16]} Qf7 {[%emt 0:04:01]} 15. Be3 {[%emt 0:02:02]} Nf4 {[%emt 0:02:44]} 16. Ng5 {[%emt 0:12:45]} Qg6 {[%emt 0:02:14]} 17. Qg4 {[%emt 0:01:30]} h6 {[%emt 0:04:34]} 18. Bxf4 {[%emt 0:08:25]} hxg5 {[%emt 0:00:39]} 19. Bxg5 {[%emt 0:00:27]} Bxd4 {[%emt 0:02:49]} 20. Re2 {[%emt 0:08:29]} b5 {[%emt 0:07:04]} 21. Ne3 {[%emt 0:02:58]} Ne5 {[%emt 0:00:30]} 22. Qh4 {[%emt 0:00:07]} Nf7 {[%emt 0:06:14]} 23. Be7 {[%emt 0:02:06]} Rfe8 {[%emt 0:00:28]} 24. Rd1 {[%emt 0:05:57]} c5 {[%emt 0:08:08]} 25. e5 {[%emt 0:00:56]} Bxe5 {[%emt 0:04:52]} 26. Ng4 {[%emt 0:00:41]} Bd4 {[%emt 0:02:11]} 27. Rde1 {[%emt 0:00:20]} e5 {[%emt 0:01:15]} 28. Re4 {[%emt 0:01:30]} Ra7 {[%emt 0:03:41]} 29. Bf6 {[%emt 0:00:08]} Kf8 {[%emt 0:00:50]} 30. axb5 {[%emt 0:04:07]} axb5 {[%emt 0:00:21]} 31. Kh2 {[%emt 0:00:13]} gxf6 {[%emt 0:09:26]} 32. Nxf6 {[%emt 0:00:07]} Re6 {[%emt 0:08:38]} 33. Nh7+ {[%emt 0:01:19]} Kg7 {[%emt 0:04:12]} 34. Rg4 {[%emt 0:01:54]} Qxg4 {[%emt 0:00:11]} 35. Qxg4+ {[%emt 0:00:09]} Rg6 {[%emt 0:00:04]} 36. Qh5 {[%emt 0:01:16]} Bxf2 {[%emt 0:02:39]} 37. Rf1 {[%emt 0:11:47]} Bg3+ {[%emt 0:00:18]} 38. Kh1 {[%emt 0:00:02]} Bf4 {[%emt 0:00:16]} 39. h4 {[%emt 0:00:16]} Ra8 {[%emt 0:02:30]} 40. Qf5 {[%emt 0:01:07]} Rh8 {[%emt 0:01:24]} 41. h5 {[%emt 0:31:42]} Rh6 {[%emt 0:02:33]} 42. Qg4+ {[%emt 0:00:00]} Kxh7 {[%emt 0:01:11]} 43. g3 {[%emt 0:00:00]} Rxh5+ {[%emt 0:10:45]} 44. Qxh5+ {[%emt 0:00:00]} Kg7 {[%emt 0:00:03]} 45. Qxh8+ {[%emt 0:00:00]} Nxh8 {[%emt 0:00:07]} 46. gxf4 {[%emt 0:00:00]} Kf6 {[%emt 0:01:51]} 47. fxe5+ {[%emt 0:00:00]} Kxe5 {[%emt 0:00:12]} 48. Kg2 {[%emt 0:00:00]} Ng6 {[%emt 0:00:14]} 49. Kf3 {[%emt 0:00:00]} Kd5 {[%emt 0:00:38]} 50. Rd1+ {[%emt 0:00:00]} Kc6 {[%emt 0:00:05]} 51. Ke4 {[%emt 0:00:00]} Ne5 {[%emt 0:00:18]} 52. b3 {[%emt 0:00:00]} 1/2-1/2